Estudios sobre el nuevo constitucionalismo latinoamericano

El presente volumen, recoge los trabajos de una selecta representación del constitucionalismo cubano, junto con un estudio introductorio de los profesores españoles Roberto Viciano y Rubén Martínez Dalmau, en los que se analizan diversas, cuestiones relacionadas con lo que se conoce como Nuevo Const...

Full description

Bibliographic Details
Other Authors: Viciano Pastor, Roberto (Editor)
Format: Book
Language:Spanish
Series:Estudios Latinoamericanos
Subjects:

MARC

LEADER 00000nam a2200000 a 4500
001 112177
003 Ucuenca
005 20230503070047.0
008 014102|2012 ||||||||r|||||||||||spa||
020 |a 978-84-9004-644-9 
040 |b spa 
041 0 |a es 
082 0 |a 342 
245 |a Estudios sobre el nuevo constitucionalismo latinoamericano  |c Editor Roberto Viciano Pastor  |h imp 
264 |a Valencia  |b Tirant lo Blanch  |c 2012 
300 |a 372 páginas:  |c 21.5 cm 
490 |a Estudios Latinoamericanos 
504 |a incl. ref. 
520 3 |a El presente volumen, recoge los trabajos de una selecta representación del constitucionalismo cubano, junto con un estudio introductorio de los profesores españoles Roberto Viciano y Rubén Martínez Dalmau, en los que se analizan diversas, cuestiones relacionadas con lo que se conoce como Nuevo Constitucionalismo Latinoamericano, denominación que agrupa las propuestas que han surgido en Colombia, Venezuela, Bolivia y Ecuador para generar una respuesta autóctona con relación al marco constitucional de funcionamiento del Estado contemporáneo. 
650 4 |a Derecho constitucional  |9 7289 
650 0 |a Latinoamérica  |9 451 
650 0 |a Constitucionalismo  |9 31807 
700 1 |9 119233  |a Viciano Pastor, Roberto  |e editor 
852 |a UC-CDJBV  |f Compra  |l 1  |m General  |p 20141028  |q 34.20  |r 2  |t 112177  |v eco  |w Economía  |y 792637  |b 0  |d CDRC  |e CDRC  |g 342 PRIMER PISO  |z 2014-41-02 
856 |a http://sibuc.ucuenca.edu.ec/portada/112177.jpg 
942 |c BK  |0 2  |2 ddc  |r diana.fajardo@ucuenca.edu.ec 
999 |c 70321  |d 70321